NBA 1st Seeded Teams - Statistics

General Stats
  • This quiz has been taken 13 times
  • The average score is 36 of 104
Answer Stats
Year Team Wins % Correct
2026 Thunder
89%
2025 Thunder
78%
2020 Lakers
67%
2023 Nuggets
67%
2026 Pistons
67%
2014 Spurs
67%
2019 Warriors
67%
2017 Warriors
67%
2016 Warriors 73
67%
2015 Warriors
67%
2024 Celtics
56%
2018 Rockets
56%
2012 Spurs
56%
2011 Spurs
56%
2022 Suns
56%
2005 Suns
56%
76ers
44%
Bulls 62
44%
Bulls 69
44%
1996 Bulls 72
44%
Bulls 67
44%
Bulls 61
44%
2010 Lakers
44%
2009 Lakers
44%
2008 Lakers
44%
2007 Mavericks
44%
2003 Spurs
44%
2024 Thunder
44%
2023 Bucks
33%
Bucks
33%
Bucks
33%
Bulls 62
33%
2025 Cavaliers
33%
Cavaliers 57
33%
Cavaliers 61
33%
Cavaliers 66
33%
Celtics 53
33%
Celtics 66
33%
Celtics 57
33%
Celtics 59
33%
Celtics 67
33%
Celtics 63
33%
Celtics 62
33%
Celtics 63
33%
Celtics 62
33%
Celtics 61
33%
Celtics 54
33%
Celtics 60
33%
Heat 66
33%
2021 Jazz
33%
1998 Jazz 62
33%
1997 Jazz
33%
2000 Lakers
33%
Lakers 63
33%
Lakers 57
33%
Lakers
33%
Lakers
33%
Lakers
33%
Lakers 62
33%
Lakers 54
33%
Lakers
33%
Lakers
33%
Lakers
33%
Pacers 56
33%
Pistons 50
33%
Pistons 59
33%
Pistons 63
33%
2018 Raptors
33%
2006 Spurs
33%
2001 Spurs
33%
1999 Spurs
33%
Suns
33%
2013 Thunder
33%
76ers 56
22%
76ers 65
22%
76ers 55
22%
76ers 50
22%
Bullets 54
22%
Bulls 50
22%
Hawks 60
22%
2022 Heat
22%
Heat 59
22%
Knicks 60
22%
Lakers
22%
Pacers 61
22%
Pacers 56
22%
Pistons 53
22%
Pistons 64
22%
1995 Spurs
22%
Hawks 57
11%
Heat 33 (lockout)
11%
2002 Kings
11%
Magic 57
11%
Nets 52
11%
Suns
11%
1996 Supersonics
11%
1994 Supersonics
11%
2004 Timberwolves
11%
Trail Blazers
11%
TrailBlazers
11%
Warriors
11%
SuperSonics
0%
Trail Blazers
0%
Warriros
0%
No matching quizzes found
Score Distribution
Percent of People with Each Score
Percentile by Number Answered
Your Score History
You have not taken this quiz